One piece - Qui sont les derniers à faire face à Eneru - Statistiques

Statistiques générales
  • Ce quiz a été pris 318 fois
  • Le résultat moyen est 4 sur 5
Statistiques - réponses
Nom % Correct
1 Zoro
98%
3 Nami
88%
2 Robin
88%
4 Wyper
73%
5 Gan Fall
51%
Aucun quiz correspondant
Distribution des résultats
% des personnes avec chaque résultat
Percentile par nombre de réponses
Votre historique - résultats
Vous n’avez pas pris ce quiz